| 000 | 02111nam a22003617a 4500 | ||
|---|---|---|---|
| 999 |
_c21856 _d21856 |
||
| 003 | AR-CdUCM | ||
| 008 | 190425b ||||| |||| 00| 0 spa d | ||
| 040 |
_aMUNICIPALIDAD PROVINCIAL DEL CUSCO _cBIBLIOTECA MUNICIPAL DEL CUSCO |
||
| 082 | _aRev.Andi/N°44/2007 | ||
| 110 |
_aCentro Bartolomé de Las Casas _93293 |
||
| 245 |
_aRevista andina / _cCentro de estudios rurales andinos Bartolomé de Las Casas Cusco |
||
| 260 |
_aCusco : _bCentro Bartolomé de Las Casas, _c2007. |
||
| 300 |
_a278 páginas. : _c23 cm. |
||
| 440 |
_aPublicación Semestral del Centro Bartolomé de Las Casas Cusco. _nNúmero 44, Primer semestre 2007. _946489 |
||
| 500 | _aLos tukapu incas en la obra de Guaman Poma | ||
| 505 | _aContenido: Lo que Guaman Poma nos muestra, pero no nos dice sobre Tukapu. Mary Frame. -- Yupana, tabla de contar inca: estructura interna. Viviana Moscovich. -- Obrajes, leyes de trabajo y prácticas políticas. Las luchas por la construcción del Estado en el proto-peronismo. Santiago del Estero, 1943-1945. Ana Teresa Martínez. -- Cuzco: la piedra donde se posó la lechuza. Historia de un nombre. Rodolfo Cerrón-Palomino.-- Hachas y cetros de metal del Noroeste argentino prehispánico. Luis R. González, Héctor D. Buono. -- La naturaleza de la guerra prehispánica temprana: la perspectiva desde Chankillo. Ivan Ghezzi. -- Una cofradía urbana de indios a fines de la colonia: San Pedro de Naturales (Jujuy-Río de la Plata) Enrique Normando Cruz. -- Diseños culturales en cuentos orales quechuas. Margit Gutmann. | ||
| 650 |
_aInkas _91899 |
||
| 650 |
_aMatemática Inka _944404 |
||
| 650 |
_aYupana _930731 |
||
| 650 |
_aObrajes _931008 |
||
| 650 |
_aCofradías urbanas _946490 |
||
| 650 |
_aHistoria del Cusco _91714 |
||
| 700 |
_aFrame, Mary _946414 |
||
| 700 |
_aMoscovich, Viviana _946484 |
||
| 700 |
_aMartínez, Ana Teresa _946491 |
||
| 700 |
_aCerrón Palomino, Rodolfo _97429 |
||
| 700 |
_aGonzález, Luis _93850 |
||
| 700 |
_aGhezzi, Ivan _946492 |
||
| 700 |
_aNormando Cruz, Enrique _946493 |
||
| 700 |
_aGutmann, Margit _93247 |
||
| 942 |
_2ddc _cPP |
||
| 945 | _arac | ||